| 000 | 00932nam a22002177a 4500 | ||
|---|---|---|---|
| 003 | JO-AjAnu | ||
| 005 | 20251011122027.0 | ||
| 008 | 251011b jo ||||| |||| 00| 0 ara d | ||
| 040 |
_aJO-AjAnu _bara _cJO-AjAnu _dJO-AjAnu _erda |
||
| 041 |
_aara _hara |
||
| 050 |
_aRD97 _b2020 |
||
| 100 | 1 |
_aداود، محمد _eمؤلف _966726 |
|
| 245 | 0 |
_aالوجيز في الاصابات في المجال الرياضي : _b( اصابات الملاعب -الاسباب-العلاج-الوقاية) / _c محمد داود، محمد امين |
|
| 250 | _aالطبعة الاولى | ||
| 260 |
_aعمان : _bالمؤلف، _c2020 |
||
| 300 | _a150 صفحة | ||
| 504 | _aتحتوي على قائمة مراجع وببلوغرافيا | ||
| 650 | 7 | 0 |
_aالاصابات الرياضية-التحليل الطبي-العلاج-الرياضيون _966727 |
| 700 | 1 |
_aامين، محمد _eمؤلف مشارك _966728 |
|
| 942 |
_2lcc _cBK _n0 |
||
| 999 |
_c34032 _d34032 |
||